| 000 | 00769nam a2200217 i 4500 | ||
|---|---|---|---|
| 001 | 102470 | ||
| 003 | ES-MaACL | ||
| 005 | 20250927111601.0 | ||
| 007 | t| | ||
| 008 | 051111s1961 sp |||| |dspa d | ||
| 100 | 1 |
_aMérimée, Prosper ( _d1803-1870) _980507 |
|
| 245 | 1 | 4 |
_aLos falsos Demetrios _b: episodio de la historia de Rusia / _cProsper Mérimée ; traducción de A. Escarpizo. |
| 260 |
_aBarcelona : _bLorenzana, _c1961. |
||
| 300 |
_a319 p. ; _c24 cm. |
||
| 600 | 0 | 7 |
_aDemetrio _bI, _cEmperador de Rusia, _d-1606 _2 _9164928 |
| 600 | 0 | 7 |
_aDemetrio _bII, _d-1610 _2 _9164929 |
| 651 | 4 |
_aRusia- _xHistoria- _y1598-1613, Época de los disturbios. _9164930 |
|
| 700 | 1 |
_aEscarpizo, A. _947517 |
|
| 852 |
_aES-MaACL _jC-21321 |
||
| 999 |
_c102470 _d102470 |
||